000 00701nam a2200253Ia 4500
003 OSt
005 20221005053739.0
006 a|||||r|||| 00| 0
007 ta
008 221004b |||||||| |||| 00| 0 eng d
024 _a90811
037 _cTextual
040 _aCRL
_cCRL
_beng
041 _2eng
_aeng
082 _aT43:4.3'N68t, K8
110 _aUniversity Grants Committee
_9597680
245 0 _aEnquiry into student progress
260 _aLondon
_bHer Majesty's Stationery Office
_c1968
500 _aDSK Collection
650 _aEDUCATION
700 _aUniversity Grants Committee
_9597681
942 _hT43:4.3'N68t, K8
_cTEXL
_2cc
999 _c962489
_d962489